000 00293nam a22001217a 4500
008 181204b xxu||||| |||| 00| 0 eng d
041 _aeng
080 _a573
100 _a11
101 _aBIO
245 _aThe Movenment Of Molecules Across Cell Membranes
_cStein.m
942 _2udc
_cBK
999 _c52788
_d52788